Les régions d’Autriche - Statistiques

Statistiques générales
  • Ce quiz a été pris 230 fois
  • Le résultat moyen est 5 sur 9
Statistiques - réponses
Population (2022) Réponse % Correct
1 931 593 Vienne
94%
764 102 Tyrol
79%
560 710 Salzbourg
71%
1 505 140 Haute-Autriche
59%
1 698 796 Basse-Autriche
58%
564 513 Carinthie
51%
1 252 922 Styrie
50%
401 674 Vorarlberg
40%
297 586 Burgenland
33%
Aucun quiz correspondant
Distribution des résultats
% des personnes avec chaque résultat
Percentile par nombre de réponses
Votre historique - résultats
Vous n’avez pas pris ce quiz